|
|
|
|
| LEADER |
00000nab a2200000 a 4500 |
| 001 |
vtls008987789 |
| 003 |
SK-MaSNL |
| 005 |
20260304144154.0 |
| 008 |
250505c2007 xo mr|p|||||||000 b|slo |
| 015 |
|
|
|a SNBRB2007/05
|2 snkbucl
|
| 035 |
|
|
|a (uuid)01369655-59bc-476d-9538-8cb60a60f1d7
|
| 035 |
|
|
|a urn:nbn:sk:snk-ab1fi2
|
| 035 |
|
|
|a (urnnbn)urn:nbn:sk:snk:ar-0036p9
|
| 038 |
|
|
|a SNKBUCL
|
| 040 |
|
|
|a SNKBUCL
|b slo
|c SNKBUCL
|e AACR2
|
| 041 |
0 |
|
|a slo
|
| 044 |
|
|
|a xo
|c SK
|
| 080 |
|
|
|a 336-051
|2 2001
|
| 080 |
|
|
|a 929 McPartland, Kenneth Robert
|2 2001
|
| 080 |
|
|
|a 336.77
|2 2001
|
| 100 |
1 |
|
|a Vanko, Samuel
|4 aut
|9 275261
|
| 245 |
1 |
0 |
|a Od ocele k financiám
|b s Kennethom McPartlandom o profesijnom postupe v rámci jednej firmy
|c Samuel Vanko, Pavel Škriniar
|
| 300 |
|
|
|b Fotogr.
|
| 600 |
1 |
7 |
|a McPartland, Kenneth Robert
|2 snkbucl
|9 1465587
|
| 610 |
2 |
7 |
|a Provident Financial
|2 snkbucl
|9 1016457
|
| 700 |
1 |
|
|a Škriniar, Pavel,
|d 1979-
|4 aut
|9 217125
|
| 773 |
0 |
|
|t Investor
|g Roč. VIII., č. 3 (2007), s. 8-9
|x 1335-8235
|
| 850 |
|
|
|a Slovenská národná knižnica
|
| 852 |
|
|
|a Slovenská národná knižnica
|
| 954 |
|
|
|a odborná, vedecká literatúra pôvodná (slovenská)
|2 lita
|
| 958 |
|
|
|a article2022
|
| 958 |
|
|
|a OND
|
| 958 |
|
|
|a EUIPO
|
| 999 |
|
|
|c 2929778
|d 2931708
|